[Event "British Columbia-Alberta m"]
[Site "Salmon Arm CAN"]
[Date "2022.05.07"]
[Round "2.2"]
[White "Kaufman, Raymond"]
[Black "Darvekar, Yash"]
[Result "1-0"]
[WhiteElo "2364"]
[BlackElo "1991"]
[PlyCount "79"]
[EventDate "2022.05.06"]
[EventType "team"]
[EventRounds "5"]
[EventCountry "CAN"]
[WhiteTeam "BC"]
[BlackTeam "AB"]

1. e4 c5 2. Nf3 d6 3. Bb5+ Bd7 4. c4 Bxb5 5. cxb5 g6 6. Nc3 Bg7 7. O-O Nf6 8.
d3 O-O 9. h3 Nbd7 10. Be3 h6 11. Qd2 Kh7 12. Nh2 Rc8 13. f4 d5 14. exd5 Nb6 15.
f5 Nbxd5 16. fxg6+ fxg6 17. Nxd5 Qxd5 18. Nf3 e5 19. a4 Rfd8 20. Ra3 e4 21.
dxe4 Qxe4 22. Qf2 Qb4 23. Ne5 Rf8 24. Nd3 Qe4 25. Bxc5 Nd7 26. Re1 Qd5 27. Bxf8
Bd4 28. Re7+ Kg8 29. Bxh6 Bxf2+ 30. Nxf2 Ne5 31. Bf4 Nc4 32. Rd3 Qf5 33. Bg3
Nb6 34. Ne4 Rc1+ 35. Kh2 Rh1+ 36. Kxh1 Qf1+ 37. Kh2 Qxd3 38. Nf6+ Kf8 39. Rxb7
Nxa4 40. Rd7 1-0

[Event "British Columbia-Alberta m"]
[Site "Salmon Arm CAN"]
[Date "2022.05.07"]
[Round "2.3"]
[White "Huang, Patrick"]
[Black "Arruebarrena, Rafael"]
[Result "1/2-1/2"]
[WhiteElo "2217"]
[BlackElo "2281"]
[PlyCount "48"]
[EventDate "2022.05.06"]
[EventType "team"]
[EventRounds "5"]
[EventCountry "CAN"]
[WhiteTeam "BC"]
[BlackTeam "AB"]

1. d4 Nf6 2. Bf4 d5 3. e3 c5 4. c3 Nc6 5. Nd2 Bf5 6. Ngf3 e6 7. Qb3 Qd7 8. Ne5
Nxe5 9. dxe5 c4 10. Nxc4 dxc4 11. Bxc4 O-O-O 12. exf6 Qd2+ 13. Kf1 gxf6 14. Be2
Bd3 15. Qd1 Qxb2 16. Bxd3 Rxd3 17. Qxd3 Qxa1+ 18. Ke2 Qxa2+ 19. Kf3 Be7 20. Ra1
Qxa1 21. Qc4+ Kd8 22. Qd3+ Kc8 23. Qc4+ Kd8 24. Qd3+ Kc8 1/2-1/2

[Event "British Columbia-Alberta m"]
[Site "Salmon Arm CAN"]
[Date "2022.05.07"]
[Round "2.4"]
[White "Vasic, Maxim"]
[Black "Roback, Joe"]
[Result "0-1"]
[WhiteElo "2237"]
[BlackElo "1996"]
[PlyCount "40"]
[EventDate "2022.05.06"]
[EventType "team"]
[EventRounds "5"]
[EventCountry "CAN"]
[WhiteTeam "AB"]
[BlackTeam "BC"]

1. d4 d5 2. c4 c6 3. Nf3 Nf6 4. Nc3 e6 5. e3 Nbd7 6. Bd3 dxc4 7. Bxc4 b5 8. Bd3
Bb7 9. O-O Bd6 10. e4 e5 11. dxe5 Nxe5 12. Nxe5 Bxe5 13. f4 Bd4+ 14. Kh1 h5 15.
Qe2 Ng4 16. g3 b4 17. Nd1 c5 18. h3 Qb6 19. hxg4 hxg4+ 20. Kg2 Rh2+ 0-1

[Event "British Columbia-Alberta m"]
[Site "Salmon Arm CAN"]
[Date "2022.05.07"]
[Round "2.5"]
[White "Jiang, Kate"]
[Black "Haessel, Dale"]
[Result "1/2-1/2"]
[WhiteElo "1961"]
[BlackElo "2240"]
[PlyCount "50"]
[EventDate "2022.05.06"]
[EventType "team"]
[EventRounds "5"]
[EventCountry "CAN"]
[WhiteTeam "BC"]
[BlackTeam "AB"]

1. e4 e5 2. Nf3 Nc6 3. Bb5 a6 4. Ba4 Nf6 5. O-O Be7 6. Re1 b5 7. Bb3 O-O 8. c3
d6 9. h3 Bb7 10. d4 Re8 11. Nbd2 Bf8 12. Bc2 g6 13. Nf1 exd4 14. cxd4 Nb4 15.
Ng3 Nxc2 16. Qxc2 Bg7 17. Bd2 Qd7 18. Rac1 Rac8 19. b4 Re7 20. Bc3 c6 21. Qb2
Bh6 22. Bd2 Bg7 23. Bc3 Bh6 24. Bd2 Bg7 25. Bc3 Bh6 1/2-1/2

[Event "British Columbia-Alberta m"]
[Site "Salmon Arm CAN"]
[Date "2022.05.07"]
[Round "2.6"]
[White "Villavieja, Butch"]
[Black "Song, Ethan"]
[Result "0-1"]
[WhiteElo "2227"]
[BlackElo "1782"]
[PlyCount "105"]
[EventDate "2022.05.06"]
[EventType "team"]
[EventRounds "5"]
[EventCountry "CAN"]
[WhiteTeam "AB"]
[BlackTeam "BC"]

1. e4 e5 2. Bc4 Nf6 3. d3 Bc5 4. Nc3 h6 5. f4 d6 6. f5 Bd7 7. Nf3 a6 8. Qe2 Nc6
9. Be3 Nd4 10. Bxd4 exd4 11. Nd1 O-O 12. O-O Re8 13. Qd2 Bc6 14. b4 Ba7 15. Nf2
d5 16. exd5 Bxd5 17. Kh1 Re3 18. Bxd5 Qxd5 19. Nd1 Re7 20. Qf4 Rae8 21. Nf2 Qc6
22. Rac1 Nd5 23. Qh4 Ne3 24. f6 Qxf6 25. Qxf6 gxf6 26. Rfe1 Nd5 27. Rxe7 Rxe7
28. Nh4 Ne3 29. Ne4 f5 30. Ng3 Nxc2 31. Nf3 Nxb4 32. Nxf5 Rd7 33. Ne5 Rd5 34.
Ne7+ Kf8 35. Nxd5 Nxd5 36. Rb1 b5 37. Nc6 Bb6 38. Nb8 c5 39. Rc1 Ke7 40. Nxa6
Kd6 41. g3 Nc3 42. Rf1 Ke6 43. a3 c4 44. Rf3 Ne2 45. Nb4 Bc5 46. Rf2 Nc1 47.
Rc2 Bxb4 48. Rxc1 Bxa3 49. Ra1 c3 50. Rxa3 c2 51. Ra1 b4 52. Kg2 b3 53. Ra6+
0-1

[Event "British Columbia-Alberta m"]
[Site "Salmon Arm CAN"]
[Date "2022.05.07"]
[Round "3.1"]
[White "Morozov, Grigorii"]
[Black "Arruebarrena, Rafael"]
[Result "1-0"]
[WhiteElo "2437"]
[BlackElo "2281"]
[PlyCount "51"]
[EventDate "2022.05.06"]
[EventType "team"]
[EventRounds "5"]
[EventCountry "CAN"]
[WhiteTeam "BC"]
[BlackTeam "AB"]

1. d4 Nf6 2. c4 e6 3. Nf3 d5 4. Nc3 Be7 5. Bg5 h6 6. Bh4 O-O 7. e3 b6 8. cxd5
exd5 9. Ne5 Be6 10. Bd3 c5 11. O-O Nfd7 12. Bxe7 Qxe7 13. f4 Nxe5 14. dxe5 f5
15. exf6 Qxf6 16. e4 d4 17. e5 Qd8 18. Nb5 Nc6 19. Nd6 Nb4 20. Be4 Nd5 21. f5
Ne3 22. Qf3 Rb8 23. Qg3 Nxf1 24. Rxf1 Bxa2 25. f6 g5 26. Qh3 1-0

[Event "British Columbia-Alberta m"]
[Site "Salmon Arm CAN"]
[Date "2022.05.07"]
[Round "3.2"]
[White "Haessel, Dale"]
[Black "Kaufman, Raymond"]
[Result "0-1"]
[WhiteElo "2240"]
[BlackElo "2364"]
[PlyCount "70"]
[EventDate "2022.05.06"]
[EventType "team"]
[EventRounds "5"]
[EventCountry "CAN"]
[WhiteTeam "AB"]
[BlackTeam "BC"]

1. d4 d5 2. c4 e6 3. Nc3 Bb4 4. e3 Nf6 5. cxd5 exd5 6. Bd3 O-O 7. Nge2 Re8 8.
O-O Bf8 9. Bd2 b6 10. Rc1 a5 11. Nf4 Ba6 12. Bxa6 Nxa6 13. Qf3 c6 14. Rfe1 Bd6
15. e4 Bxf4 16. Qxf4 Nb4 17. Qf3 dxe4 18. Nxe4 Nxe4 19. Rxe4 Qd6 20. h3 Rxe4
21. Qxe4 Nd5 22. Qc2 Rc8 23. a4 g6 24. Qe4 Rc7 25. Qe8+ Qf8 26. Qxf8+ Kxf8 27.
Kf1 Ke7 28. Ke2 Kd6 29. g4 f5 30. gxf5 gxf5 31. Rg1 Re7+ 32. Kd3 Re4 33. Rg5
Rh4 34. Rxf5 Rxh3+ 35. Kc4 b5+ 0-1

[Event "British Columbia-Alberta m"]
[Site "Salmon Arm CAN"]
[Date "2022.05.07"]
[Round "3.3"]
[White "Roback, Joe"]
[Black "Villavieja, Butch"]
[Result "0-1"]
[WhiteElo "1996"]
[BlackElo "2227"]
[PlyCount "92"]
[EventDate "2022.05.06"]
[EventType "team"]
[EventRounds "5"]
[EventCountry "CAN"]
[WhiteTeam "BC"]
[BlackTeam "AB"]

1. e4 c5 2. Nf3 d6 3. d4 cxd4 4. Nxd4 Nf6 5. Nc3 g6 6. Be3 Bg7 7. f3 Nc6 8. Qd2
O-O 9. O-O-O d5 10. exd5 Nxd5 11. Nxc6 bxc6 12. Bd4 e5 13. Bc5 Be6 14. Bc4 Re8
15. h4 Qa5 16. Ne4 Qxd2+ 17. Nxd2 Bh6 18. g4 Bf4 19. Bb3 a5 20. Ba4 Rec8 21.
Kb1 Rab8 22. Nb3 Nb6 23. Bxb6 Rxb6 24. Nc5 Bd5 25. Nd7 Rb4 26. Nf6+ Kg7 27.
Nxd5 cxd5 28. Bb3 d4 29. a4 Ra8 30. Bd5 Rab8 31. Bb3 Rxb3 32. cxb3 Rxb3 33.
Rhf1 Rb4 34. Rd3 f5 35. Ra3 Kf6 36. Kc2 Ke6 37. Raa1 Kd5 38. h5 fxg4 39. hxg6
hxg6 40. fxg4 g5 41. Rh1 e4 42. Raf1 d3+ 43. Kb1 e3 44. Rd1 d2 45. Kc2 Ke4 46.
b3 Rd4 0-1

[Event "British Columbia-Alberta m"]
[Site "Salmon Arm CAN"]
[Date "2022.05.07"]
[Round "3.4"]
[White "Song, Ethan"]
[Black "Vasic, Maxim"]
[Result "1-0"]
[WhiteElo "1782"]
[BlackElo "2237"]
[PlyCount "123"]
[EventDate "2022.05.06"]
[EventType "team"]
[EventRounds "5"]
[EventCountry "CAN"]
[WhiteTeam "BC"]
[BlackTeam "AB"]

1. e4 c6 2. d4 d5 3. e5 Bf5 4. Bd3 Bxd3 5. Qxd3 e6 6. Nf3 Ne7 7. Bg5 Qb6 8. O-O
h6 9. Bxe7 Bxe7 10. b3 O-O 11. Nc3 Nd7 12. Na4 Qc7 13. c3 b5 14. Nb2 a5 15. c4
bxc4 16. bxc4 f6 17. Rae1 Rab8 18. Nd1 f5 19. Nc3 Rb4 20. cxd5 cxd5 21. Rc1 Qb6
22. h4 Nb8 23. Ne2 g5 24. Qe3 f4 25. Qd3 Kg7 26. h5 Rf5 27. g4 fxg3 28. Nxg3
Rxf3 29. Qxf3 Rxd4 30. Rb1 Qc7 31. Rfc1 Qa7 32. Rc8 Nd7 33. Rbc1 Nxe5 34. Qe2
Bd6 35. Kg2 Qf7 36. R1c3 Rf4 37. Rd8 Qe7 38. Rcc8 d4 39. Rg8+ Kf7 40. Rh8 Qb7+
41. f3 Qxf3+ 42. Qxf3 Nxf3 43. Rh7+ Kf6 44. Rxh6+ Ke5 45. Re8 Nh4+ 46. Kh3 Kd5
47. Rhxe6 Rf3 48. Rxd6+ Kxd6 49. Kg4 Ra3 50. h6 Ng6 51. h7 Rxa2 52. Kxg5 Rg2
53. Kxg6 Rxg3+ 54. Kf5 Rh3 55. h8=Q Rxh8 56. Rxh8 Kd5 57. Rd8+ Kc4 58. Ke4 a4
59. Ra8 Kb3 60. Kd3 a3 61. Rb8+ Ka4 62. Kc4 1-0

[Event "British Columbia-Alberta m"]
[Site "Salmon Arm CAN"]
[Date "2022.05.07"]
[Round "3.5"]
[White "Tolentino, Patrick Angelo"]
[Black "Huang, Patrick"]
[Result "0-1"]
[WhiteElo "2154"]
[BlackElo "2217"]
[PlyCount "40"]
[EventDate "2022.05.06"]
[EventType "team"]
[EventRounds "5"]
[EventCountry "CAN"]
[WhiteTeam "AB"]
[BlackTeam "BC"]

1. e4 g6 2. d4 Bg7 3. Nc3 d6 4. Be3 a6 5. Qd2 b5 6. f3 Bb7 7. h4 h6 8. O-O-O
Nd7 9. g4 Nb6 10. Nh3 Nf6 11. d5 Nfd7 12. Bd4 Ne5 13. Qf2 Rc8 14. Be2 b4 15.
Nb1 c6 16. dxc6 Rxc6 17. c3 Na4 18. f4 bxc3 19. bxc3 Qa5 20. Qe3 O-O 0-1

[Event "British Columbia-Alberta m"]
[Site "Salmon Arm CAN"]
[Date "2022.05.07"]
[Round "3.6"]
[White "Darvekar, Yash"]
[Black "Jiang, Kate"]
[Result "1/2-1/2"]
[WhiteElo "1991"]
[BlackElo "1961"]
[PlyCount "49"]
[EventDate "2022.05.06"]
[EventType "team"]
[EventRounds "5"]
[EventCountry "CAN"]
[WhiteTeam "AB"]
[BlackTeam "BC"]

1. e4 e5 2. Nf3 Nc6 3. Bb5 a6 4. Bxc6 dxc6 5. O-O f6 6. d4 exd4 7. Nxd4 c5 8.
Nb3 Be6 9. Be3 b6 10. Nc3 Qxd1 11. Rfxd1 Bd6 12. a4 Bxb3 13. cxb3 Ne7 14. a5 b5
15. Nd5 O-O-O 16. g3 Nxd5 17. Rxd5 Be7 18. Rc1 c6 19. Bxc5 cxd5 20. Bxe7+ Kb7
21. Bxd8 Rxd8 22. Rd1 Kc6 23. Rc1+ Kb7 24. Rd1 Kc6 25. Rc1+ 1/2-1/2

[Event "British Columbia-Alberta m"]
[Site "Salmon Arm CAN"]
[Date "2022.05.07"]
[Round "3.10"]
[White "Botoy, James Pajo"]
[Black "Xu, Andrew"]
[Result "1/2-1/2"]
[WhiteElo "1826"]
[BlackElo "1931"]
[PlyCount "50"]
[EventDate "2022.05.06"]
[EventType "team"]
[EventRounds "5"]
[EventCountry "CAN"]
[WhiteTeam "AB"]
[BlackTeam "BC"]

1. Nf3 Nf6 2. g3 g6 3. d4 Bg7 4. Bg2 d5 5. O-O c5 6. dxc5 Nc6 7. c3 e5 8. b4 a6
9. Qb3 e4 10. Nd4 Ng4 11. Nxc6 bxc6 12. h3 Ne5 13. Bf4 g5 14. Be3 Be6 15. Bd4
Qd7 16. Kh2 h5 17. f4 h4 18. fxe5 hxg3+ 19. Kxg3 Bxh3 20. Bxh3 Qxh3+ 21. Kf2
e3+ 22. Ke1 Qg3+ 23. Kd1 Qg2 24. Re1 Qg3 25. Rf1 Qg2 1/2-1/2

[Event "British Columbia-Alberta m"]
[Site "Salmon Arm CAN"]
[Date "2022.05.08"]
[Round "4.1"]
[White "Villavieja, Butch"]
[Black "Morozov, Grigorii"]
[Result "1/2-1/2"]
[WhiteElo "2227"]
[BlackElo "2437"]
[PlyCount "130"]
[EventDate "2022.05.06"]
[EventType "team"]
[EventRounds "5"]
[EventCountry "CAN"]
[WhiteTeam "AB"]
[BlackTeam "BC"]

1. e4 e6 2. d4 d5 3. Nc3 Bb4 4. e5 Qd7 5. Qg4 Bf8 6. Nf3 b6 7. a4 Na6 8. Bd2
Nb4 9. Rc1 c6 10. Nd1 h5 11. Qg3 a5 12. c3 Na6 13. Bd3 Nc7 14. h4 Ba6 15. Bxa6
Nxa6 16. Ra1 c5 17. O-O Ne7 18. Ne3 Nc6 19. Nc2 Ne7 20. Bg5 Nf5 21. Qh3 cxd4
22. Ncxd4 Nh6 23. Nb5 Ng4 24. Rfe1 Nc7 25. Nfd4 Nxb5 26. Nxb5 Bc5 27. Re2 O-O
28. Rae1 f6 29. exf6 gxf6 30. Be3 Bxe3 31. Rxe3 Nxe3 32. Rxe3 Kf7 33. Qf3 Rh8
34. Qf4 Rad8 35. Rf3 Qe7 36. Qd4 Rhg8 37. Qxb6 Rg4 38. g3 Rxa4 39. Nd4 Qd6 40.
Qb5 Ra1+ 41. Kg2 a4 42. Qd3 Rh8 43. Nb5 Qe7 44. Qd4 Rh6 45. Qf4 Kg7 46. Nd4 Re1
47. Qb8 Qd7 48. Qb6 Re4 49. Rd3 Rh8 50. f3 Re5 51. Nc6 Re2+ 52. Kf1 Rxb2 53.
Qxb2 Qxc6 54. Kg2 Ra8 55. Qa3 Kf7 56. Rd4 Qb5 57. c4 dxc4 58. Qd6 Ra7 59. Qd8
a3 60. Rd1 a2 61. Qh8 Qf5 62. Rd8 Qc2+ 63. Kh3 Qf5+ 64. Kg2 Qc2+ 65. Kh3 Qf5+
1/2-1/2

[Event "British Columbia-Alberta m"]
[Site "Salmon Arm CAN"]
[Date "2022.05.08"]
[Round "4.2"]
[White "Arruebarrena, Rafael"]
[Black "Kaufman, Raymond"]
[Result "1/2-1/2"]
[WhiteElo "2281"]
[BlackElo "2364"]
[PlyCount "78"]
[EventDate "2022.05.06"]
[EventType "team"]
[EventRounds "5"]
[EventCountry "CAN"]
[WhiteTeam "AB"]
[BlackTeam "BC"]

1. e4 c5 2. Nf3 e6 3. d4 cxd4 4. Nxd4 a6 5. Nc3 b5 6. Bd3 Bb7 7. O-O Nc6 8. Be3
Qc7 9. Kh1 Nf6 10. Qe2 Be7 11. f4 d6 12. a3 O-O 13. Nf3 Rad8 14. Rae1 Nd7 15.
e5 dxe5 16. fxe5 Ncxe5 17. Bf4 f6 18. Nxe5 fxe5 19. Qh5 Nf6 20. Bxe5 Nxh5 21.
Bxc7 Rxf1+ 22. Rxf1 Rd4 23. Re1 b4 24. axb4 Bxb4 25. Rxe6 Bxc3 26. bxc3 Rg4 27.
Re2 Nf4 28. Bxf4 Rxf4 29. Kg1 a5 30. Re7 Bc6 31. Rc7 Rf6 32. Ra7 a4 33. c4 h5
34. c5 h4 35. h3 Kf8 36. Rc7 Be8 37. Ra7 Bc6 38. Rc7 Be8 39. Ra7 Bc6 1/2-1/2

[Event "British Columbia-Alberta m"]
[Site "Salmon Arm CAN"]
[Date "2022.05.08"]
[Round "4.3"]
[White "Suominen, David"]
[Black "Song, Ethan"]
[Result "1-0"]
[WhiteElo "1954"]
[BlackElo "1782"]
[PlyCount "91"]
[EventDate "2022.05.06"]
[EventType "team"]
[EventRounds "5"]
[EventCountry "CAN"]
[WhiteTeam "AB"]
[BlackTeam "BC"]

1. Nf3 Nf6 2. c4 e6 3. g3 d5 4. Bg2 dxc4 5. O-O a6 6. Qc2 Bd6 7. a4 O-O 8. Qxc4
Nc6 9. d4 h6 10. Rd1 Bd7 11. Bf4 Qe7 12. Ne5 Nd5 13. Nxd7 Na5 14. Bxd6 Qxd7 15.
Qa2 Qxd6 16. Bxd5 exd5 17. Nd2 Rfe8 18. e3 Nc6 19. Qa3 Qd7 20. Qb3 h5 21. Rdc1
b6 22. Rc3 Ne7 23. Rac1 c6 24. Nf3 Qf5 25. Kg2 Rac8 26. Qc2 Qf6 27. Qd3 Ng6 28.
h4 b5 29. axb5 axb5 30. b4 Re4 31. Qc2 Re6 32. Rc5 Ree8 33. Rxc6 Rxc6 34. Qxc6
Qe7 35. Qxd5 Qxb4 36. Rc5 Rb8 37. Qd6 Rf8 38. Qd7 Rb8 39. Ng5 Qb3 40. Rd5 Rf8
41. Qxb5 Qc2 42. Nf3 Ra8 43. Rc5 Qd1 44. Qf1 Qb3 45. Qc4 Qb7 46. Rc7 1-0

[Event "British Columbia-Alberta m"]
[Site "Salmon Arm CAN"]
[Date "2022.05.08"]
[Round "4.4"]
[White "Huang, Patrick"]
[Black "Haessel, Dale"]
[Result "0-1"]
[WhiteElo "2217"]
[BlackElo "2240"]
[PlyCount "74"]
[EventDate "2022.05.06"]
[EventType "team"]
[EventRounds "5"]
[EventCountry "CAN"]
[WhiteTeam "BC"]
[BlackTeam "AB"]

1. d4 d5 2. Bf4 c5 3. e3 cxd4 4. exd4 Nc6 5. c3 Bf5 6. Nd2 e6 7. Ngf3 f6 8. Bb5
g5 9. Bg3 h5 10. h3 Bd6 11. Bxd6 Qxd6 12. Qe2 Nge7 13. Rd1 Ng6 14. g3 O-O-O 15.
c4 g4 16. Bxc6 gxf3 17. Bxb7+ Kxb7 18. Qxf3 Qb6 19. c5 Qb4 20. a3 Qxd4 21. O-O
Qd3 22. Qxd3 Bxd3 23. Rfe1 e5 24. b4 h4 25. Nb3 Bb5 26. Ra1 hxg3 27. a4 Bd3 28.
Re3 gxf2+ 29. Kxf2 Nf4 30. b5 Rdg8 31. Rg1 Rxg1 32. Kxg1 Nxh3+ 33. Kg2 Nf4+ 34.
Kf2 Rh2+ 35. Kg3 Rg2+ 36. Kh4 Bf5 37. Na5+ Kc8 0-1

[Event "British Columbia-Alberta m"]
[Site "Salmon Arm CAN"]
[Date "2022.05.08"]
[Round "4.5"]
[White "Su, Ethan"]
[Black "Darvekar, Yash"]
[Result "1-0"]
[WhiteElo "1902"]
[BlackElo "1991"]
[PlyCount "89"]
[EventDate "2022.05.06"]
[EventType "team"]
[EventRounds "5"]
[EventCountry "CAN"]
[WhiteTeam "BC"]
[BlackTeam "AB"]

1. d4 d5 2. c4 c6 3. Nf3 Nf6 4. g3 e6 5. Nbd2 dxc4 6. Nxc4 b5 7. Nce5 Bd6 8.
Bg2 Bb7 9. O-O O-O 10. Bg5 h6 11. Bf4 Nd5 12. e4 Nxf4 13. gxf4 Na6 14. Qe2 Qa5
15. a3 Rfd8 16. b4 Qb6 17. Kh1 Nc7 18. Rg1 a5 19. Rab1 axb4 20. axb4 Ra4 21.
Bh3 Bf8 22. Nxf7 Kxf7 23. Ne5+ Kg8 24. Qh5 Rd7 25. Nxd7 Qxd4 26. Nxf8 Kxf8 27.
f3 Qf6 28. Qc5+ Kg8 29. Qe5 Qxe5 30. fxe5 Kf7 31. Ra1 Ba6 32. Rgc1 Rxa1 33.
Rxa1 g5 34. Kg1 Ke7 35. Kf2 Kd7 36. Kg3 c5 37. Rd1+ Ke7 38. bxc5 Bc8 39. Rd6 b4
40. Rb6 Na6 41. Bxe6 Bb7 42. Rxb7+ Kxe6 43. Rb6+ Kxe5 44. Rxa6 Kd4 45. c6 1-0

[Event "British Columbia-Alberta m"]
[Site "Salmon Arm CAN"]
[Date "2022.05.08"]
[Round "4.6"]
[White "Dave, Bhavik"]
[Black "Roback, Joe"]
[Result "0-1"]
[WhiteElo "1966"]
[BlackElo "1996"]
[PlyCount "52"]
[EventDate "2022.05.06"]
[EventType "team"]
[EventRounds "5"]
[EventCountry "CAN"]
[WhiteTeam "AB"]
[BlackTeam "BC"]

1. d4 d5 2. c4 c6 3. Nc3 Nf6 4. e3 e6 5. Nf3 Nbd7 6. Bd3 dxc4 7. Bxc4 b5 8. Be2
Bb7 9. O-O Be7 10. Qc2 O-O 11. e4 b4 12. e5 bxc3 13. exf6 Nxf6 14. bxc3 c5 15.
Be3 Qa5 16. Ne5 Rac8 17. Qb3 Rb8 18. Nc4 Qc7 19. Qa4 Nd5 20. Bd2 Rfc8 21. Rac1
Bc6 22. Qa5 Bb5 23. Rfe1 Qxa5 24. Nxa5 Bxe2 25. Rxe2 c4 26. a4 Bd8 0-1

[Event "British Columbia-Alberta m"]
[Site "Salmon Arm CAN"]
[Date "2022.05.08"]
[Round "5.1"]
[White "Morozov, Grigorii"]
[Black "Suominen, David"]
[Result "1-0"]
[WhiteElo "2437"]
[BlackElo "1954"]
[PlyCount "63"]
[EventDate "2022.05.06"]
[EventType "team"]
[EventRounds "5"]
[EventCountry "CAN"]
[WhiteTeam "BC"]
[BlackTeam "AB"]

1. d4 d5 2. Nf3 Nf6 3. c4 dxc4 4. e3 e6 5. Bxc4 c5 6. O-O a6 7. a4 cxd4 8. Nxd4
Be7 9. Nc3 O-O 10. e4 Nc6 11. Nxc6 bxc6 12. Qe2 Bb7 13. Bf4 Qa5 14. Rfd1 Rfd8
15. Bd3 Nd7 16. Rab1 Bb4 17. Bc2 Nf8 18. Qc4 Ng6 19. Bg3 c5 20. Bd6 Qb6 21. e5
Bc6 22. h4 Nf8 23. Qg4 c4 24. Qxc4 Bxd6 25. exd6 Ra7 26. a5 Qb7 27. Be4 Bxe4
28. Nxe4 Nd7 29. b4 Rc8 30. Nc5 Qc6 31. Qd4 Nf6 32. Nxe6 1-0

[Event "British Columbia-Alberta m"]
[Site "Salmon Arm CAN"]
[Date "2022.05.08"]
[Round "5.2"]
[White "Kaufman, Raymond"]
[Black "Villavieja, Butch"]
[Result "1-0"]
[WhiteElo "2364"]
[BlackElo "2227"]
[PlyCount "55"]
[EventDate "2022.05.06"]
[EventType "team"]
[EventRounds "5"]
[EventCountry "CAN"]
[WhiteTeam "BC"]
[BlackTeam "AB"]

1. d4 Nf6 2. c4 g6 3. f3 Bg7 4. e4 d6 5. Nc3 O-O 6. Be3 Nc6 7. Nge2 a6 8. Qd2
Rb8 9. Rc1 Bd7 10. Nd1 b5 11. c5 e6 12. g3 Re8 13. Bg2 b4 14. O-O a5 15. Nf2 a4
16. f4 Na5 17. Rfe1 Bf8 18. cxd6 cxd6 19. d5 exd5 20. exd5 Bb5 21. Nd4 Nc4 22.
Rxc4 Bxc4 23. Nc6 Qd7 24. Nxb8 Rxb8 25. Qd4 Bxa2 26. Qxf6 Bg7 27. Ne4 Bxd5 28.
Bd4 1-0

[Event "British Columbia-Alberta m"]
[Site "Salmon Arm CAN"]
[Date "2022.05.08"]
[Round "5.3"]
[White "Roback, Joe"]
[Black "Haessel, Dale"]
[Result "0-1"]
[WhiteElo "1996"]
[BlackElo "2240"]
[PlyCount "100"]
[EventDate "2022.05.06"]
[EventType "team"]
[EventRounds "5"]
[EventCountry "CAN"]
[WhiteTeam "BC"]
[BlackTeam "AB"]

1. e4 e5 2. Nf3 Nc6 3. Nc3 Nf6 4. Bb5 Bc5 5. Nxe5 Nxe5 6. d4 a6 7. Be2 Bd6 8.
f4 Nc6 9. e5 Bb4 10. exf6 Qxf6 11. Be3 d5 12. O-O Bxc3 13. bxc3 Bf5 14. Rb1
O-O-O 15. Bf2 Rhe8 16. g4 Qg6 17. Rb2 Bxg4 18. Bxg4+ f5 19. Bg3 Qxg4 20. Qxg4
fxg4 21. f5 Re3 22. f6 gxf6 23. Rxf6 Rxc3 24. Rf7 Nxd4 25. Rxh7 Re8 26. Rg7
Ne2+ 27. Kf2 Nxg3 28. hxg3 Rf8+ 29. Kg2 Rc4 30. Rg5 c6 31. Rg7 b5 32. c3 Re8
33. Ra7 Kb8 34. Rg7 Rc8 35. Re2 Rc7 36. Rg8+ Kb7 37. Re3 Ra4 38. Re2 Kb6 39.
Rf8 Kc5 40. Rf4 Rc4 41. Re3 a5 42. Rf8 b4 43. cxb4+ axb4 44. Re2 Ra7 45. Rf4
Ra3 46. Ref2 Rac3 47. Rd2 Rc2 48. Rxc4+ Rxc4 49. Kf2 Re4 50. Rc2+ Kd6 0-1

[Event "British Columbia-Alberta m"]
[Site "Salmon Arm CAN"]
[Date "2022.05.08"]
[Round "5.4"]
[White "Arruebarrena, Rafael"]
[Black "Su, Ethan"]
[Result "1-0"]
[WhiteElo "2281"]
[BlackElo "1902"]
[PlyCount "117"]
[EventDate "2022.05.06"]
[EventType "team"]
[EventRounds "5"]
[EventCountry "CAN"]
[WhiteTeam "AB"]
[BlackTeam "BC"]

1. e4 c5 2. Nf3 e6 3. d4 cxd4 4. Nxd4 a6 5. Nc3 Qc7 6. Be2 Nf6 7. O-O d6 8. f4
Nbd7 9. Kh1 b6 10. e5 dxe5 11. fxe5 Nxe5 12. Bf4 Bb7 13. Bf3 Nfd7 14. Qe2 Bxf3
15. Nxf3 Bd6 16. Rad1 Nc4 17. Rxd6 Nxd6 18. Rd1 Qc4 19. Bxd6 Qxe2 20. Nxe2 f6
21. Nf4 e5 22. Nd5 Kf7 23. Kg1 Nc5 24. Nxb6 Rad8 25. Rd5 Ne4 26. Ba3 Rxd5 27.
Nxd5 Rc8 28. Ne3 Ke6 29. Kf1 f5 30. b3 g5 31. Nc4 g4 32. Nfxe5 Rd8 33. Nd3 Nc3
34. Bb2 Ne4 35. g3 Ng5 36. Nce5 Rc8 37. c4 Ne4 38. Ke2 Nc5 39. Nxc5+ Rxc5 40.
Nd3 Rc8 41. Nf4+ Kf7 42. Kd3 Rd8+ 43. Bd4 Re8 44. Be3 Rh8 45. b4 h5 46. Bd4 Re8
47. a4 Re1 48. b5 axb5 49. cxb5 Rd1+ 50. Kc4 Rd2 51. a5 Rxh2 52. b6 h4 53. b7
Rc2+ 54. Bc3 h3 55. b8=Q h2 56. Qc7+ Ke8 57. Nd5 Re2 58. Nf6+ Kf8 59. Bb4+ 1-0

[Event "British Columbia-Alberta m"]
[Site "Salmon Arm CAN"]
[Date "2022.05.08"]
[Round "5.5"]
[White "Song, Ethan"]
[Black "Zeggelaar, Michael"]
[Result "1-0"]
[WhiteElo "1782"]
[BlackElo "1863"]
[PlyCount "57"]
[EventDate "2022.05.06"]
[EventType "team"]
[EventRounds "5"]
[EventCountry "CAN"]
[WhiteTeam "BC"]
[BlackTeam "AB"]

1. e4 c5 2. Nf3 e6 3. d4 cxd4 4. Nxd4 a6 5. Nc3 Qc7 6. a3 Nf6 7. Be3 Be7 8. f3
O-O 9. Qd2 d6 10. O-O-O Nbd7 11. g4 b5 12. g5 Ne8 13. h4 Rb8 14. h5 b4 15. axb4
Ne5 16. f4 Nc4 17. Bxc4 Qxc4 18. Nb3 d5 19. exd5 Bxb4 20. Qd4 Qxd4 21. Nxd4
Bxc3 22. bxc3 Nd6 23. Nc6 Nc4 24. Bc5 Bb7 25. Nxb8 Rxb8 26. dxe6 fxe6 27. Rhe1
Bd5 28. f5 Rb5 29. Rxd5 1-0

[Event "British Columbia-Alberta m"]
[Site "Salmon Arm CAN"]
[Date "2022.05.08"]
[Round "5.6"]
[White "Botoy, James Pajo"]
[Black "Huang, Patrick"]
[Result "0-1"]
[WhiteElo "1826"]
[BlackElo "2217"]
[PlyCount "60"]
[EventDate "2022.05.06"]
[EventType "team"]
[EventRounds "5"]
[EventCountry "CAN"]
[WhiteTeam "AB"]
[BlackTeam "BC"]

1. e4 g6 2. d4 Bg7 3. Be3 d6 4. c3 Nf6 5. f3 Nbd7 6. Nd2 e5 7. Bb5 O-O 8. Ne2
c6 9. Ba4 d5 10. Bb3 dxe4 11. O-O exf3 12. Nxf3 e4 13. Ne5 Nd5 14. Ng4 f5 15.
Nf2 Kh8 16. Bxd5 cxd5 17. Nf4 Nf6 18. Qb3 g5 19. Ng6+ hxg6 20. Bxg5 Qb6 21. Qa3
Nh7 22. Be7 Re8 23. Nh3 Be6 24. Bc5 Qd8 25. Bd6 g5 26. Bg3 f4 27. Bxf4 Bxh3 28.
Be5 Bxe5 29. dxe5 Be6 30. Qb4 Qb6+ 0-1

[Event "British Columbia-Nova Scotia School m"]
[Site "Online"]
[Date "2022.03.05"]
[Round "1.1"]
[White "Wang, Bowen"]
[Black "Lian, Haoming"]
[Result "0-1"]
[WhiteElo "517"]
[BlackElo "1105"]
[PlyCount "60"]
[EventDate "2022.03.05"]
[EventType "team (rapid)"]
[EventRounds "2"]
[EventCountry "CAN"]

1. e4 c5 2. Nf3 d6 3. Bb5+ Bd7 4. Bxd7+ Qxd7 5. Nh4 Nc6 6. Nc3 Nf6 7. Nd5 Nxe4
8. O-O e6 9. Nf4 Be7 10. Re1 Nf6 11. Nd3 O-O 12. Nf3 d5 13. Nfe5 Nxe5 14. Nxe5
Qc7 15. Qf3 Bd6 16. Qg3 Ne4 17. Qh3 Bxe5 18. Qg4 Nf6 19. Qh3 Bd6 20. d3 Bf4 21.
Bxf4 Qxf4 22. Re3 Ng4 23. Rf3 Qg5 24. Re1 Nf6 25. Rg3 Qh5 26. Qxh5 Nxh5 27. Rh3
Nf6 28. Ree3 Rfe8 29. Reg3 e5 30. Rh5 Nxh5 0-1